Elements with Lowest Boiling Points - Statistics

General Stats
  • This quiz has been taken 20 times
  • The average score is 12 of 14
Answer Stats
Temp Element % Correct
-269 Helium
100%
-253 Hydrogen
100%
-196 Nitrogen
95%
-183 Oxygen
95%
-35 Chlorine
89%
-246 Neon
89%
-108 Xenon
84%
-186 Argon
79%
-188 Fluorine
79%
58.8 Bromine
74%
-153 Krypton
74%
280 Phosphorus
74%
-62 Radon
74%
184 Iodine
68%
No matching quizzes found
Score Distribution
Percent of People with Each Score
Percentile by Number Answered
Your Score History
You have not taken this quiz